000
00196 a2200085 4500
245
_a
HEART OF DARKNESS AND SECRET SHARER
_h
Text
100
_a
CNORMA YOUNGBRIG
650
_a
literature
005
20191021095329.0
084
_a
NONE
999
_c
12107
_d
12107